[Event "Lions Cup Madrid"]
[Site "SchemingMind.com"]
[Date "2014.01.28"]
[Round "-"]
[White "eun77"]
[Black "alexyongpohweng"]
[Result "1-0"]
[WhiteCountry "ISR"]
[BlackCountry "MAS"]
[WhiteElo "1550"]
[WhiteRD "60"]
[BlackElo "1294"]
[BlackRD "47"]
[GameID "346466"]

1. d4 d5 2. e3 Nf6 3. h3 g6 4. Nf3 Bg7 5. Be2 O-O 6. O-O Nc6 7. c3 a6 8. Nh2 b6 9. Nf3 Bb7 10. Nh2 Ne4
11. Bf3 Nf6 12. Ng4 Nxg4 13. Bxg4 f5 14. Be2 e5 15. dxe5 Bxe5 16. f4 Bg7 17. Nd2 b5 18. a3 Qf6 19. Nf3 Rfe8 20. Bd2 Na7
21. Be1 c6 22. Bd2 c5 23. Nh2 c4 24. Nf3 Nc6 25. Rb1 a5 26. Nd4 Nxd4 27. cxd4 b4 28. axb4 axb4 29. Bxb4 Rab8 30. Bc3 Qc6
31. Kh1 Rxe3 32. Bf3 Re6 33. Re1 Ba6 34. Rxe6 Qxe6 35. Qe2 Qxe2 36. Bxe2 Bf6 37. Kg1 Kf7 38. g4 fxg4 39. hxg4 h6 40. Kg2 Ke6
41. Re1 Kd6 42. Bd1 Bh4 43. Re3 Bb5 44. Rh3 Bf6 45. Rxh6 Bg7 46. Rxg6+
1-0

[Event "Lions Cup Madrid"]
[Site "SchemingMind.com"]
[Date "2014.01.27"]
[Round "-"]
[White "alexyongpohweng"]
[Black "eun77"]
[Result "0-1"]
[WhiteCountry "MAS"]
[BlackCountry "ISR"]
[WhiteElo "1251"]
[WhiteRD "46"]
[BlackElo "1371"]
[BlackRD "53"]
[GameID "346467"]

1. e4 e5 2. Qh5 Qf6 3. Nf3 d6 4. h3 g6 5. Qg5 Qxg5 6. Nxg5 Bg7 7. Nc3 c6 8. Be2 Ne7 9. O-O O-O 10. Rb1 Bh6
11. Nf3 b6 12. d3 Bxc1 13. Rbxc1 Be6 14. b3 Nd7 15. Nb1 f5 16. c3 f4 17. g3 Bxh3 18. Rfe1 Bg4 19. gxf4 Bxf3 20. Bxf3 exf4
21. d4 Rac8 22. Nd2 g5 23. Bg4 Rcd8 24. Bxd7 Rxd7 25. Nf3 h6 26. Nh2 a6 27. c4 c5 28. d5 Ng6 29. Ng4 Kg7 30. f3 Ne5
31. Nxe5 dxe5 32. Rb1 Kf6 33. a3 a5 34. Re2 h5 35. Rh2 h4 36. Kf2 Rd6 37. Kg2 Ra8 38. a4 Rg8 39. Rd1 Ke7 40. Rd2 Rh6
41. Rh3 Kd6 42. Kf2 g4 43. fxg4 Rxg4 44. Kf3 Rg3+ 45. Rxg3 hxg3 46. Kg2 Rh2+
0-1

[Event "Lions Cup Madrid"]
[Site "SchemingMind.com"]
[Date "2014.01.29"]
[Round "-"]
[White "emvarela"]
[Black "alexyongpohweng"]
[Result "1-0"]
[WhiteCountry "ARG"]
[BlackCountry "MAS"]
[WhiteElo "1732"]
[WhiteRD "45"]
[BlackElo "1303"]
[BlackRD "45"]
[GameID "346478"]

1. e4 e5 2. Nf3 d6 3. d4 exd4 4. Nxd4 Nf6 5. Nc3 Be7 6. Bc4 O-O 7. Be3 c6 8. Qd2 b5 9. Be2 b4 10. Na4 Nxe4
11. Qd3 d5 12. O-O-O Ba6 13. Qb3 c5 14. c4 dxc4 15. Bxc4 cxd4 16. Rxd4 Qc8 17. Rxe4 Bf6 18. Bc5 Bxc4 19. Rxc4 Nc6 20. Bxf8 Kxf8
21. a3 Qb7 22. Kb1 Ne5 23. Rxb4 Qc7 24. Rc1 Qe7 25. Rb8+ Rxb8 26. Qxb8+ Qe8 27. Rc8 Bd8 28. Rxd8
1-0

[Event "Lions Cup Madrid"]
[Site "SchemingMind.com"]
[Date "2014.01.29"]
[Round "-"]
[White "emvarela"]
[Black "eun77"]
[Result "1-0"]
[WhiteCountry "ARG"]
[BlackCountry "ISR"]
[WhiteElo "1753"]
[WhiteRD "48"]
[BlackElo "1550"]
[BlackRD "60"]
[GameID "346479"]

1. e4 e5 2. Nf3 d6 3. d4 exd4 4. Nxd4 Nc6 5. Nxc6 bxc6 6. Nc3 Be7 7. Qf3 h6 8. Bf4 Nf6 9. Bd3 O-O 10. h3 Nh7
11. O-O Bg5 12. e5 Bxf4 13. Qxf4 dxe5 14. Qxe5 Qd6 15. Bxh7+ Kh8 16. Qxd6 cxd6 17. Be4 d5 18. Bf3 Re8 19. Rfe1 Rxe1+ 20. Rxe1 Be6
21. Ne2 Rb8 22. b3 a5 23. Nd4 Rc8 24. Nxe6
1-0

[Event "Lions Cup Madrid"]
[Site "SchemingMind.com"]
[Date "2014.01.29"]
[Round "-"]
[White "alexyongpohweng"]
[Black "emvarela"]
[Result "0-1"]
[WhiteCountry "MAS"]
[BlackCountry "ARG"]
[WhiteElo "1303"]
[WhiteRD "45"]
[BlackElo "1732"]
[BlackRD "45"]
[GameID "346480"]

1. e4 e5 2. Nf3 Nc6 3. Bb5 f5 4. Bxc6 dxc6 5. Nxe5 Qf6 6. Nf3 fxe4 7. Ng1 Bc5 8. Qe2 Ne7 9. d3 O-O 10. dxe4 Bxf2+
11. Kd1 Rd8+ 12. Bd2 Be6 13. Nf3 Bb6 14. Nc3 h6 15. e5 Qf7 16. Rf1 Bc4 17. Qe1 Bxf1 18. Qxf1 Nd5 19. Nxd5 Rxd5 20. c4 Rxe5
21. Bc3 Rd8+ 22. Kc1 Be3+ 23. Kc2 Qg6+ 24. Kb3 Rf5 25. Qe2 Bg5 26. Nxg5 Rxg5 27. a3 Rxg2 28. Qf3 Qc2+ 29. Kb4 a5+
0-1

[Event "Lions Cup Madrid"]
[Site "SchemingMind.com"]
[Date "2014.01.29"]
[Round "-"]
[White "eun77"]
[Black "emvarela"]
[Result "0-1"]
[WhiteCountry "ISR"]
[BlackCountry "ARG"]
[WhiteElo "1371"]
[WhiteRD "53"]
[BlackElo "1766"]
[BlackRD "50"]
[GameID "346481"]

1. e4 e5 2. d3 Nc6 3. Nf3 d6 4. h3 Be7 5. Be2 Nf6 6. O-O O-O 7. Nh2 Be6 8. c3 d5 9. Bg4 Nxg4 10. Nxg4 Bxg4
11. Qxg4 Bf6 12. exd5 Qxd5 13. Rd1 Rad8 14. Be3 Qd7 15. Qxd7 Rxd7 16. Na3 a6 17. Nc2 Rfd8 18. f3 Rxd3 19. Rxd3 Rxd3 20. Bf2 Rd2
21. Rc1 Bg5 22. Be3 Bxe3+ 23. Nxe3 Rxb2 24. Nd5 Rxa2 25. Nxc7 f6 26. Nd5 b5 27. Nb4 Nxb4 28. cxb4 Rb2 29. Ra1 Rxb4 30. Rxa6 Rb1+
31. Kf2 b4 32. Rb6 b3 33. Ke2 b2 34. Kd2 Rg1 35. Rxb2 Rxg2+ 36. Kc3 Rg3 37. Kc4 Rxf3 38. Kd5 Kf7 39. Rb7+ Kg6
0-1

[Event "Lions Cup Madrid"]
[Site "SchemingMind.com"]
[Date "2014.01.31"]
[Round "-"]
[White "kubinet"]
[Black "alexyongpohweng"]
[Result "0-1"]
[WhiteCountry "GER"]
[BlackCountry "MAS"]
[WhiteElo "1188"]
[WhiteRD "45"]
[BlackElo "1303"]
[BlackRD "45"]
[GameID "346575"]

1. e4 e5 2. Bc4 Nf6 3. d3 h6 4. Nf3 d6 5. h3 Be7 6. O-O O-O 7. Nc3 c6 8. Be3 b5 9. Bb3 a5 10. a4 b4
11. Ne2 Ba6 12. Re1 Nbd7 13. Nd2 c5 14. f4 exf4 15. Nxf4 Nb6 16. Qf3 Nh7 17. Nd5 Nxd5
0-1

[Event "Lions Cup Madrid"]
[Site "SchemingMind.com"]
[Date "2014.01.31"]
[Round "-"]
[White "alexyongpohweng"]
[Black "kubinet"]
[Result "1-0"]
[WhiteCountry "MAS"]
[BlackCountry "GER"]
[WhiteElo "1303"]
[WhiteRD "45"]
[BlackElo "1188"]
[BlackRD "45"]
[GameID "346578"]

1. e4 d5 2. exd5 Nf6 3. c4 c6 4. dxc6 Nxc6 5. d3 g6 6. Nf3 Bg7 7. Be2 O-O 8. O-O b6 9. Bf4 Bb7 10. a3 Nh5
11. Be3 Bxb2 12. Nbd2 Bxa1 13. Qxa1 Ng7 14. d4 Nf5 15. d5 Nb8 16. Nd4 Qd7 17. Nxf5 Qxf5 18. h3
1-0

[Event "Lions Cup Madrid"]
[Site "SchemingMind.com"]
[Date "2014.01.31"]
[Round "-"]
[White "Scooter"]
[Black "alexyongpohweng"]
[Result "1-0"]
[WhiteCountry "USA"]
[BlackCountry "MAS"]
[WhiteElo "1731"]
[WhiteRD "46"]
[BlackElo "1230"]
[BlackRD "45"]
[GameID "346799"]

1. d4 d5 2. Nf3 Nf6 3. Bf4 g6 4. h3 Bg7 5. e3 O-O 6. Be2 c6 7. Nbd2 Na6 8. O-O Bf5 9. Bxa6 bxa6 10. Ne5 Qc8
11. c4 dxc4 12. Ndxc4 Be6 13. Qa4 Bxc4 14. Qxc4 Nd5 15. Bg3 Nb6 16. Qxc6 Qxc6 17. Nxc6 Rfe8 18. b3 Nc8 19. Rfc1 Nd6 20. Nxe7+ Rxe7
21. Bxd6 Rd7 22. Be5 Bxe5 23. dxe5 Re7 24. Rc5 Rb8 25. Rac1 Ree8 26. f4 Kg7 27. Rc7 Ra8 28. Rd1 Rf8 29. Rdd7 a5 30. Rxa7 h6
31. Rxf7+ Rxf7 32. Rxa8
1-0

[Event "Lions Cup Madrid"]
[Site "SchemingMind.com"]
[Date "2014.02.04"]
[Round "-"]
[White "Scooter"]
[Black "emvarela"]
[Result "1-0"]
[WhiteCountry "USA"]
[BlackCountry "ARG"]
[WhiteElo "1732"]
[WhiteRD "47"]
[BlackElo "1732"]
[BlackRD "45"]
[GameID "346800"]

1. d4 Nf6 2. Nf3 d5 3. Bf4 e6 4. e3 Bd6 5. Bxd6 Qxd6 6. c3 O-O 7. Be2 Nbd7 8. O-O c5 9. Nbd2 c4 10. Re1 e5
11. dxe5 Nxe5 12. Nxe5 Qxe5 13. Nf3 Qc7 14. Qc2 b5 15. Red1 Be6 16. h3 Rad8 17. Nd4 a6 18. a4 Bd7 19. axb5 axb5 20. Bf3 g6
21. b4 Ra8 22. Qb2 Kg7 23. Rxa8 Rxa8 24. Ra1 Rxa1+ 25. Qxa1 Ne4 26. Bxe4 dxe4 27. Qa6 Qc6= 28. Nxc6
1-0

[Event "Lions Cup Madrid"]
[Site "SchemingMind.com"]
[Date "2014.01.31"]
[Round "-"]
[White "Scooter"]
[Black "eun77"]
[Result "1-0"]
[WhiteCountry "USA"]
[BlackCountry "ISR"]
[WhiteElo "1745"]
[WhiteRD "46"]
[BlackElo "1550"]
[BlackRD "60"]
[GameID "346801"]

1. d4 d5 2. Bf4 e6 3. Nf3 h6 4. h3 Nf6 5. e3 Be7 6. Be2 O-O 7. O-O Nh7 8. Nbd2 Bg5 9. Bxg5 Nxg5 10. c4 Nxf3+
11. Nxf3 dxc4 12. Bxc4 b6 13. Rc1 Ba6 14. Qe2 Bxc4 15. Qxc4 c6 16. Ne5 Qd5 17. Nxc6 Qxc4 18. Rxc4 Nxc6 19. Rxc6 Rfc8 20. Rfc1 Rxc6
21. Rxc6 Kf8 22. Rc7 a5 23. Rb7 Ra6 24. a4 Ke8 25. Kf1 g5 26. g4 f6 27. Ke2 f5 28. f3 fxg4 29. hxg4 Kf8 30. Rh7 b5
31. axb5 Rb6 32. Rxh6 Rxb5 33. Rxe6 Rxb2+ 34. Kd3 a4 35. Ra6 Rb3+ 36. Ke4 a3 37. d5 Ke7 38. f4 gxf4 39. exf4 Rg3 40. Kf5 Rd3
41. Ke4 Rg3 42. g5 Kd7 43. Ke5 Re3+ 44. Kf6 Rd3 45. g6 Rg3 46. g7 Kc7 47. Kf7
1-0

[Event "Lions Cup Madrid"]
[Site "SchemingMind.com"]
[Date "2014.02.05"]
[Round "-"]
[White "Scooter"]
[Black "kubinet"]
[Result "1-0"]
[WhiteCountry "USA"]
[BlackCountry "GER"]
[WhiteElo "1732"]
[WhiteRD "47"]
[BlackElo "1188"]
[BlackRD "45"]
[GameID "346802"]

1. d4 d5 2. Nf3 Nf6 3. Bf4 e6 4. e3 Bd6 5. Bxd6 Qxd6 6. c3 O-O 7. Nbd2 c5 8. Be2 Nc6 9. O-O Bd7 10. dxc5 Qxc5
11. Nb3 Qe7 12. Bb5 a6 13. Bxc6 Bxc6 14. Nbd4 Bd7 15. Ne5 Rac8 16. h3 Qd6 17. Nxd7 Nxd7 18. Qg4 Nf6 19. Qf4 Qd7 20. Qf3 Ne4
21. Rfd1
1-0

[Event "Lions Cup Madrid"]
[Site "SchemingMind.com"]
[Date "2014.01.31"]
[Round "-"]
[White "alexyongpohweng"]
[Black "Scooter"]
[Result "0-1"]
[WhiteCountry "MAS"]
[BlackCountry "USA"]
[WhiteElo "1230"]
[WhiteRD "45"]
[BlackElo "1731"]
[BlackRD "46"]
[GameID "346803"]

1. e4 c6 2. d4 d5 3. e5 Bf5 4. Nf3 e6 5. Be2 Nd7 6. O-O c5 7. Bg5 Be7 8. Bxe7 Nxe7 9. dxc5 Nxc5 10. Bb5+ Nd7
11. Bxd7+ Qxd7 12. Nc3 O-O 13. Nd4 Bg6 14. Nf3 Rac8 15. Nd4 a6 16. Nf3 Qc7 17. h4 h6 18. a3 Nc6 19. b4 Nxe5 20. Nd4 Qxc3
21. Ne2 Qxc2 22. Qxc2 Rxc2 23. Nd4 Rc4 24. Ne2 Bd3 25. Rfe1 Bxe2 26. g3 Nf3+
0-1

[Event "Lions Cup Madrid"]
[Site "SchemingMind.com"]
[Date "2014.02.05"]
[Round "-"]
[White "emvarela"]
[Black "Scooter"]
[Result "1/2-1/2"]
[WhiteCountry "ARG"]
[BlackCountry "USA"]
[WhiteElo "1732"]
[WhiteRD "45"]
[BlackElo "1732"]
[BlackRD "47"]
[GameID "346804"]

1. e4 c6 2. d4 d5 3. Nc3 dxe4 4. Nxe4 Bf5 5. Ng3 Bg6 6. h4 h6 7. Nf3 Nd7 8. h5 Bh7 9. Bd3 Bxd3 10. Qxd3 Qc7
11. Bd2 O-O-O 12. O-O-O Ngf6 13. c4 e6 14. Bc3 Bd6 15. Ne4 Bf4+ 16. Kc2 Nxe4 17. Qxe4 Nf6 18. Qe2 Rd7 19. Ne5 Bxe5 20. dxe5 Rxd1
21. Rxd1 Nd7 22. f4 Nc5 23. b3 Rd8 24. Rxd8+ Qxd8 25. Qe3 b6 26. Bb4 Nb7 27. Qf3 c5 28. Bc3 Kc7 29. g4 Qd7 30. Qd3 Qxd3+
31. Kxd3 Nd8 32. Ke4 Nc6 33. g5 Ne7 34. b4 Nf5 35. bxc5 bxc5 36. Be1 a6 37. a4 Kc6 38. Bf2 Kb6 39. Be1 Ne7 40. a5+ Kc7
41. Bf2 Kc6 42. Be3=
1/2-1/2

[Event "Lions Cup Madrid"]
[Site "SchemingMind.com"]
[Date "2014.01.31"]
[Round "-"]
[White "eun77"]
[Black "Scooter"]
[Result "0-1"]
[WhiteCountry "ISR"]
[BlackCountry "USA"]
[WhiteElo "1646"]
[WhiteRD "70"]
[BlackElo "1732"]
[BlackRD "47"]
[GameID "346805"]

1. d4 Nf6 2. e3 g6 3. Nf3 Bg7 4. Be2 O-O 5. O-O d6 6. h3 b6 7. Nh2 Bb7 8. Bf3 Bxf3 9. Qxf3 c6 10. Nc3 d5
11. Ng4 Nxg4 12. Qxg4 e6 13. f4 Nd7 14. Nd1 Nf6 15. Qe2 Ne4 16. Qe1 Bf6 17. Nc3 Bh4 18. Qd1 Ng3 19. Rf3 Qd6 20. Ne2 Nxe2+
21. Qxe2 c5 22. c3 cxd4 23. cxd4 Rac8 24. Bd2 Rc2 25. Qd3 Rfc8 26. Bc3 R2xc3 27. bxc3 Qa3 28. Rc1 Qxc1+ 29. Rf1 Qxc3 30. Qxc3 Rxc3
31. Rb1 Rxe3 32. a4 Re1+ 33. Rxe1 Bxe1 34. Kf1 Bc3
0-1

[Event "Lions Cup Madrid"]
[Site "SchemingMind.com"]
[Date "2014.02.05"]
[Round "-"]
[White "kubinet"]
[Black "Scooter"]
[Result "0-1"]
[WhiteCountry "GER"]
[BlackCountry "USA"]
[WhiteElo "1188"]
[WhiteRD "45"]
[BlackElo "1732"]
[BlackRD "47"]
[GameID "346806"]

1. e4 c6 2. d4 d5 3. Nc3 dxe4 4. Nxe4 Bf5 5. Ng3 Bg6 6. h4 h6 7. Nf3 Nd7 8. Bd3 Bxd3 9. Qxd3 Qc7 10. Bd2 O-O-O
11. O-O-O Ngf6 12. Kb1 e6 13. c4 Bd6 14. Ne2 Ng4 15. Rhf1 Nde5 16. dxe5 Nxe5 17. Qe4 Nxf3 18. Qxf3 Rhf8 19. Nc3 Bb4 20. a3 Ba5
21. Bf4 Qb6
0-1

[Event "Lions Cup Madrid"]
[Site "SchemingMind.com"]
[Date "2014.02.05"]
[Round "-"]
[White "simpet"]
[Black "alexyongpohweng"]
[Result "1-0"]
[WhiteCountry "ENG"]
[BlackCountry "MAS"]
[WhiteElo "1622"]
[WhiteRD "54"]
[BlackElo "1230"]
[BlackRD "45"]
[GameID "346925"]

1. e4 e5 2. Bc4 Nf6 3. Nc3 Bb4 4. Nge2 Bxc3 5. Nxc3 O-O 6. d3 h6 7. Be3 c6 8. O-O b5 9. Bb3 a5 10. a3 a4
11. Ba2 Na6 12. f4 exf4 13. Bxf4 d6 14. Rf3 Bg4 15. Kh1 Bxf3 16. Qxf3 Re8 17. Qh3 Nh7 18. Rf1 Qf6 19. Rf3 Qe6 20. Bxe6
1-0

[Event "Lions Cup Madrid"]
[Site "SchemingMind.com"]
[Date "2014.02.04"]
[Round "-"]
[White "simpet"]
[Black "emvarela"]
[Result "0-1"]
[WhiteCountry "ENG"]
[BlackCountry "ARG"]
[WhiteElo "1622"]
[WhiteRD "54"]
[BlackElo "1674"]
[BlackRD "46"]
[GameID "346926"]

1. e4 e5 2. Bc4 Nf6 3. d3 d5 4. exd5 Nxd5 5. Qh5 Nc6 6. Nc3 Be6 7. Bg5 Be7 8. Bxe7 Kxe7 9. Qg5+ Kf8 10. Qg3 Nd4
11. O-O-O Nxc3 12. Bxe6 Nce2+
0-1

[Event "Lions Cup Madrid"]
[Site "SchemingMind.com"]
[Date "2014.02.01"]
[Round "-"]
[White "simpet"]
[Black "Scooter"]
[Result "1/2-1/2"]
[WhiteCountry "ENG"]
[BlackCountry "USA"]
[WhiteElo "1622"]
[WhiteRD "54"]
[BlackElo "1731"]
[BlackRD "46"]
[GameID "346927"]

1. e4 c6 2. Bc4 d5 3. exd5 cxd5 4. Bb3 Nf6 5. Nf3 Bg4 6. O-O e6 7. d3 Be7 8. Bf4 O-O 9. Nbd2 Nc6 10. c3 Bd6
11. Bxd6 Qxd6 12. h3 Bxf3 13. Nxf3 Rac8 14. Ng5 Qf4 15. Nf3 Ne5 16. Nxe5 Qxe5 17. d4= Qd6 18. Re1 a5 19. Bc2 b5 20. Re3 b4
21. Qe1 bxc3 22. bxc3 Rc4 23. a4 Rfc8 24. Bb3 R4c6 25. Bd1 Ne4 26. Rc1 Qc7 27. Bf3 Rxc3 28. Rexc3 Nxc3 29. Kh1 Qc4 30. Be2 Qxd4
31. Bb5 Rc5 32. f3 Nxb5 33. Rxc5 Qxc5 34. Qxa5 Kf8 35. axb5 Ke7 36. Qa6 d4 37. b6 d3 38. Qxd3 Qxb6 39. Qxh7 Qb2 40. Qh4+ f6
41. Qh7 Qc1+ 42. Kh2 Qf4+= 43. Kh1 Qc1+=
1/2-1/2

[Event "Lions Cup Madrid"]
[Site "SchemingMind.com"]
[Date "2014.02.01"]
[Round "-"]
[White "simpet"]
[Black "eun77"]
[Result "1-0"]
[WhiteCountry "ENG"]
[BlackCountry "ISR"]
[WhiteElo "1622"]
[WhiteRD "54"]
[BlackElo "1274"]
[BlackRD "78"]
[GameID "346928"]

1. e4 e5 2. Bc4 d6 3. Nf3 h6 4. d4 exd4 5. Nxd4 Nc6 6. Nc3 Nxd4 7. Qxd4 Be7 8. Qxg7 Be6 9. Bxe6 fxe6 10. Qxh8 Kd7
11. Bf4 Bf6 12. Qh7+ Ne7 13. O-O-O Kc8 14. Nb5 b6 15. e5 Bg5 16. Bxg5 Qe8 17. Bxe7 Qxb5 18. exd6 Kb7 19. Qe4+ Qc6 20. Qxc6+ Kxc6
21. d7
1-0

[Event "Lions Cup Madrid"]
[Site "SchemingMind.com"]
[Date "2014.02.05"]
[Round "-"]
[White "simpet"]
[Black "kubinet"]
[Result "1-0"]
[WhiteCountry "ENG"]
[BlackCountry "GER"]
[WhiteElo "1632"]
[WhiteRD "55"]
[BlackElo "1188"]
[BlackRD "45"]
[GameID "346929"]

1. e4 e5 2. Bc4 Nf6 3. d3 Bc5 4. Nf3 O-O 5. O-O d6 6. Bg5 h6 7. Bh4 Bg4 8. Nbd2 Nbd7 9. c3 c6 10. a3 b5
11. Ba2 Qc7 12. Qb3 Bb6 13. h3 Be6 14. Qc2 Bxa2 15. Rxa2 a5 16. d4 Rad8 17. Bg3 Rfe8 18. Re1 Qa7 19. Qd3
1-0

[Event "Lions Cup Madrid"]
[Site "SchemingMind.com"]
[Date "2014.02.01"]
[Round "-"]
[White "alexyongpohweng"]
[Black "simpet"]
[Result "0-1"]
[WhiteCountry "MAS"]
[BlackCountry "ENG"]
[WhiteElo "1230"]
[WhiteRD "45"]
[BlackElo "1622"]
[BlackRD "54"]
[GameID "346930"]

1. e4 e5 2. Nf3 Nc6 3. Bb5 Bd6 4. O-O Nge7 5. Nc3 a6 6. Bxc6 bxc6 7. b3 f6 8. Bb2 O-O 9. a3 Bb7 10. a4 f5
11. exf5 Nxf5 12. d3 c5 13. Ne4 Be7 14. Ng3 Nxg3 15. fxg3 d6 16. Nd2 Bg5 17. Rxf8+ Qxf8 18. h4 Be3+ 19. Kh1 Qf2 20. Ne4 Bxe4
21. dxe4 Qxg3 22. Qe1 Bf2
0-1

[Event "Lions Cup Madrid"]
[Site "SchemingMind.com"]
[Date "2014.02.04"]
[Round "-"]
[White "emvarela"]
[Black "simpet"]
[Result "0-1"]
[WhiteCountry "ARG"]
[BlackCountry "ENG"]
[WhiteElo "1674"]
[WhiteRD "46"]
[BlackElo "1622"]
[BlackRD "54"]
[GameID "346931"]

1. e4 e5 2. Nf3 Nc6 3. Bb5 d6 4. Bxc6+ bxc6 5. d4 exd4 6. Nxd4 Bb7 7. Nc3 Ba6 8. Be3 Be7 9. Qd2 Nf6 10. O-O-O Bb7
11. f3 a5 12. Nf5 O-O 13. Nxg7 Kxg7 14. Bh6+ Kh8 15. Bxf8 Bxf8 16. Qf4 Ng8 17. e5 Bh6
0-1

[Event "Lions Cup Madrid"]
[Site "SchemingMind.com"]
[Date "2014.02.01"]
[Round "-"]
[White "Scooter"]
[Black "simpet"]
[Result "1-0"]
[WhiteCountry "USA"]
[BlackCountry "ENG"]
[WhiteElo "1705"]
[WhiteRD "45"]
[BlackElo "1641"]
[BlackRD "54"]
[GameID "346932"]

1. d4 Nf6 2. Nf3 b6 3. Bf4 Bb7 4. Nbd2 e6 5. h3 Be7 6. e3 Nh5 7. Bh2 O-O 8. Ne5 Nf6 9. Ndf3 d6 10. Nd3 Ne4
11. Be2 f5 12. O-O Rf6 13. Nf4 Qe8 14. Bc4 d5 15. Bd3 Bd6 16. Bxe4 fxe4 17. Nd2 e5 18. dxe5 Bxe5 19. c3 c6 20. Qb3 Na6
21. Nxe4 Rh6 22. Nd2 Kh8 23. Nf3 Nc5 24. Qc2 Ne4 25. Nxe5
1-0

[Event "Lions Cup Madrid"]
[Site "SchemingMind.com"]
[Date "2014.02.01"]
[Round "-"]
[White "eun77"]
[Black "simpet"]
[Result "0-1"]
[WhiteCountry "ISR"]
[BlackCountry "ENG"]
[WhiteElo "1646"]
[WhiteRD "70"]
[BlackElo "1632"]
[BlackRD "55"]
[GameID "346933"]

1. d4 d5 2. e3 Nf6 3. h3 Nc6 4. Nf3 Bf5 5. Be2 e6 6. O-O Qd7 7. Nh2 Bd6 8. Bd3 Ne7 9. Bxf5 Nxf5 10. Nf3 Ne4
11. Nbd2 Nxd2 12. Bxd2 O-O 13. Nh2 f6 14. f4 e5 15. dxe5 fxe5 16. fxe5 Bxe5 17. c3 Ng3 18. Nf3 Nxf1 19. Qxf1 Qd6 20. Qe2 c6
21. Nxe5 Qxe5 22. Rf1 Rxf1+ 23. Qxf1 Rf8 24. Qe1 b5 25. a3 Qe4 26. Qg3 Qd3 27. Qe1 Qc2 28. Qc1 Qf5 29. Kh2 Qe5+ 30. Kh1 Rf2
31. Be1 Re2 32. Bh4 Qe4 33. Qf1 Rxb2 34. Qf4 Qxg2#
0-1

[Event "Lions Cup Madrid"]
[Site "SchemingMind.com"]
[Date "2014.02.05"]
[Round "-"]
[White "kubinet"]
[Black "simpet"]
[Result "0-1"]
[WhiteCountry "GER"]
[BlackCountry "ENG"]
[WhiteElo "1188"]
[WhiteRD "45"]
[BlackElo "1632"]
[BlackRD "55"]
[GameID "346934"]

1. e4 e5 2. Nf3 Nc6 3. Bb5 d6 4. d4 Bd7 5. Nc3 Nf6 6. Bg5 Be7 7. O-O O-O 8. Qd2 a6 9. Be2 exd4 10. Nxd4 Nxd4
11. Qxd4 Ng4 12. Bxe7 Qxe7 13. h3 Nf6 14. Rfe1 c5 15. Qe3 b5 16. Rad1 Bc6 17. f3 Qe5 18. b3 Nh5 19. Nd5 f5 20. exf5 Rxf5
0-1

[Event "Lions Cup Madrid"]
[Site "SchemingMind.com"]
[Date "2014.02.06"]
[Round "-"]
[White "shaqattack"]
[Black "alexyongpohweng"]
[Result "1-0"]
[WhiteCountry "ENG"]
[BlackCountry "MAS"]
[WhiteElo "1530"]
[WhiteRD "71"]
[BlackElo "1230"]
[BlackRD "45"]
[GameID "347008"]

1. e4 e5 2. Nf3 d6 3. Bc4 Bg4 4. h3 Bxf3 5. Qxf3 Nf6 6. O-O Nc6 7. c3 a6 8. Re1 Rb8 9. d3 b5 10. Bb3 a5
11. a3 a4 12. Bc2 Be7 13. Bg5 O-O 14. Bxf6 Bxf6 15. Nd2 Qc8 16. Qg3 h6 17. Nf3 Qe6 18. d4 exd4 19. cxd4 Bxd4 20. Nxd4 Nxd4
21. Bd1 Nc6 22. Bg4 Qf6 23. Qc3 Qxc3 24. bxc3 Ne5 25. Be2 Nc4 26. Bxc4 bxc4 27. Rab1 Rxb1 28. Rxb1 Ra8 29. Rb7 c5 30. f4 Kf8
31. g4 Kg8 32. h4 Kf8 33. Kf2 Ke8 34. g5 hxg5 35. fxg5 g6 36. Kf3 Kf8 37. Kf4 Kg7 38. Rd7 Kf8 39. Rxd6 Ke7 40. Rc6 Ra5
41. Kg4 Kf8 42. h5 gxh5+ 43. Kxh5 Kg8 44. Kh6 Kf8 45. Rc8+ Ke7 46. Kg7
1-0

[Event "Lions Cup Madrid"]
[Site "SchemingMind.com"]
[Date "2014.02.04"]
[Round "-"]
[White "shaqattack"]
[Black "emvarela"]
[Result "1/2-1/2"]
[WhiteCountry "ENG"]
[BlackCountry "ARG"]
[WhiteElo "1600"]
[WhiteRD "67"]
[BlackElo "1753"]
[BlackRD "48"]
[GameID "347009"]

1. e4 e5 2. Nf3 Nc6 3. Bb5 f5 4. d3 fxe4 5. dxe4 Nf6 6. O-O d6 7. h3 Bd7 8. Re1 a6 9. Ba4 Ne7 10. Bxd7+ Qxd7
11. Bg5 h6 12. Bxf6 gxf6 13. Nc3 f5 14. Nd5 Nxd5 15. Qxd5 fxe4 16. Qxe4 O-O-O 17. Rad1 Bg7 18. b3 Rde8 19. c4 Rhf8 20. a4 Rf4
21. Qd5 Qf7 22. Qxf7 Rxf7 23. Nd2 Ref8 24. Ne4 b6 25. b4 Kd7 26. c5 bxc5 27. bxc5 Rd8 28. cxd6 Kc8 29. dxc7 Rxc7 30. Rxd8+ Kxd8
31. Nd6 Kd7 32. Rd1 Ke6 33. Ne8 Re7 34. Nxg7+ Rxg7 35. Rb1 Rd7 36. Rb6+ Rd6 37. Rxd6+ Kxd6 38. g4 e4 39. h4 Ke5 40. Kg2 Kf4
41. Kh3 a5 42. g5 hxg5 43. h5 g4+ 44. Kh4 g3 45. fxg3+ Kf3 46. h6 e3 47. h7 e2 48. h8=Q e1=Q 49. Qf6+ Kg2 50. Qb2+ Kf1
51. Qb5+ Kg1 52. Qc5+ Kh2 53. Qc2+ Kg1 54. Qc5+ Kh2 55. Qc2+ Kg1 56. Qc5+
1/2-1/2

[Event "Lions Cup Madrid"]
[Site "SchemingMind.com"]
[Date "2014.02.03"]
[Round "-"]
[White "shaqattack"]
[Black "Scooter"]
[Result "0-1"]
[WhiteCountry "ENG"]
[BlackCountry "USA"]
[WhiteElo "1515"]
[WhiteRD "72"]
[BlackElo "1705"]
[BlackRD "45"]
[GameID "347010"]

1. e4 c6 2. d4 d5 3. Nc3 dxe4 4. Nxe4 Bf5 5. Bd3 Bxe4 6. Bxe4 Nf6 7. Bf3 e6 8. Bg5 Be7 9. Ne2 Nbd7 10. O-O O-O
11. Bxf6 Nxf6 12. c3 Rb8 13. Ng3 Bd6 14. Ne4 Nxe4 15. Bxe4 Qh4 16. Bxh7+ Qxh7 17. h3 Qf5 18. Qe2 Qf4 19. g3 Qf5 20. h4 g6
21. Kg2 Kg7 22. Rh1 Rh8 23. Rag1 Qd5+ 24. Kf1 Qxa2 25. h5 Qb1+ 26. Kg2 Qf5 27. h6+ Rxh6 28. Rxh6 Kxh6 29. Rh1+ Kg7 30. Qe3 Rh8
31. Rxh8 Kxh8 32. Qh6+ Kg8 33. Qh4 Qd5+ 34. Kh2 Qh5 35. Qxh5 gxh5 36. Kh3 Kg7 37. f3 Kg6 38. f4 f6 39. c4 Bb4 40. b3 Bc3
41. d5 exd5
0-1

[Event "Lions Cup Madrid"]
[Site "SchemingMind.com"]
[Date "2014.02.01"]
[Round "-"]
[White "shaqattack"]
[Black "eun77"]
[Result "1-0"]
[WhiteCountry "ENG"]
[BlackCountry "ISR"]
[WhiteElo "1600"]
[WhiteRD "67"]
[BlackElo "1550"]
[BlackRD "60"]
[GameID "347011"]

1. e4 e5 2. Nf3 Nf6 3. Nc3 d6 4. d3 h6 5. Be2 c6 6. h3 Be7 7. O-O O-O 8. d4 exd4 9. Nxd4 Nh7 10. Bg4 Bxg4
11. Qxg4 Bg5 12. Bxg5 Qxg5 13. Qxg5 Nxg5 14. Rad1 Nh7 15. Rfe1 Na6 16. a3 Rad8 17. f4 f6 18. g4 Nc5 19. b4 Nd7 20. Ne6 Rde8
21. Nxf8 Ndxf8 22. Rxd6 Ne6 23. f5 Nef8 24. Na4 Ng5 25. Kg2 Re7 26. Nc5 Kh7 27. c4 Kg8 28. h4 Nf7 29. Rdd1 Ne5 30. Rd8 Nxc4
31. Ne6 Rf7 32. Nxf8 Rxf8 33. Rxf8+ Kxf8 34. a4 Ke7 35. b5 cxb5 36. axb5 Nd6 37. e5 fxe5 38. Rxe5+ Kd7 39. Rd5 Ke7 40. Kf3 b6
41. Kf4 Kd7 42. Ke5 Kc7 43. Rxd6 Kb7 44. Rd7+ Kc8 45. Rxg7
1-0

[Event "Lions Cup Madrid"]
[Site "SchemingMind.com"]
[Date "2014.02.06"]
[Round "-"]
[White "shaqattack"]
[Black "kubinet"]
[Result "1-0"]
[WhiteCountry "ENG"]
[BlackCountry "GER"]
[WhiteElo "1524"]
[WhiteRD "69"]
[BlackElo "1188"]
[BlackRD "45"]
[GameID "347012"]

1. e4 c5 2. Nf3 d6 3. d4 cxd4 4. Nxd4 Nf6 5. Nc3 a6 6. Be3 e5 7. Nb3 Be7 8. f3 O-O 9. Qd2 Qc7 10. O-O-O Nbd7
11. Nd5 Nxd5 12. Qxd5 Nf6 13. Qa5 Qc6 14. Qb6 Bd7 15. Qxc6 Bxc6 16. Bb6 d5 17. exd5 Nxd5 18. Bc5 Bxc5 19. Nxc5 Ne3 20. Re1 Nxf1
21. Rhxf1
1-0